00698nam a22001697a 450000500170000002000230001703500230004003700130006310000200007624500430009626000400013930000220017994200240020199900170022595201560024295201300039820180801162454.0 a818883789Xc600.00 aB-219595, B-219594 aDPLbENG aSingh, Jitendra aMedia and society /cby Jitendra Singh aNe w DelhibSumit Enterprisesc2005 av, 290p.c20 cms. 2ddccENh070.1mJIT c63686d63686 001040708NFICaZLSbZLSd2012-03-02g600.00l0o070.1 JITpB-219595r2012-03-02 00:00:00v600.00w2012-03-02yENzWithdrawn List Prepared L.No.06/12 001040708NFICaBL1bBL1d2018-08-01eBPPD/PUBg600.00l0o070.1 JITpB-219594r2018-08-01 00:00:00v600.00w2018-08-01yEN